[Event "TCh-RUS Premier 2023"]
[Site "Sochi RUS"]
[Date "2023.05.03"]
[Round "3.1"]
[Board "3"]
[White "Zubritskiy, Artyom"]
[Black "Tsydypov, Zhamsaran"]
[Result "1/2-1/2"]
[WhiteTitle "IM"]
[BlackTitle "GM"]
[WhiteElo "2438"]
[BlackElo "2538"]
[WhiteTeam "SShOR po shakhmatam i shashkam (Sankt-Peterbu"]
[BlackTeam "Ladya (Respublika Tatarstan)"]
[WhiteFideId "4181247"]
[BlackFideId "4108566"]
[EventDate "2023.05.01"]
[EventType "team"]

1. d4 Nf6 2. c4 e6 3. g3 d5 4. Nf3 Bb4+ 5. Bd2 Be7 6. Bg2 O-O 7. O-O c6 8. Qc2
Ne4 9. Nc3 Nxd2 10. Nxd2 Nd7 11. Rfd1 Nb6 12. Qb3 a5 13. a3 Nxc4 14. Nxc4 dxc4
15. Qxc4 Qb6 16. e3 Rd8 17. Na4 Qa7 18. Qc3 Bd7 19. Nc5 Be8 20. Nd3 Bd6 21. Rac1
Qb6 22. Be4 Qc7 23. f4 Bf8 24. Qc2 g6 25. Qe2 Rac8 26. Rc3 Qb6 27. Qc2 Qa7 28.
Rc1 Bg7 29. Kh1 Rc7 30. Qg2 Bf8 31. g4 Bg7 32. g5 Rd6 33. h4 h5 34. gxh6 Bxh6
35. Qg3 Qb8 36. R3c2 Qd8 37. Ne5 f6 38. Nc4 Rdd7 39. Nxa5 Rh7 40. Rg1 f5 41. Bf3
Rcg7 42. Nc4 g5 43. hxg5 Bxg5+ 44. Rh2 Bh4 45. Qh3 Rxg1+ 46. Kxg1 Bf2+ 47. Kxf2
Rxh3 48. Rxh3 c5 49. dxc5 Qd3 50. Be2 Qc2 51. Nd6 Ba4 52. b4 Qa2 53. Rh1 Qxa3
54. Nxb7 Bc6 55. Rg1+ Kf8 56. Na5 Be4 57. Nc4 Qxb4 58. Ne5 Qb7 59. Rd1 Bd5 60.
Rc1 Qb2 61. Nd3 Qh8 62. Ke1 Qh3 63. Kd2 Qg2 64. Ne5 Bb7 65. c6 Ba6 66. Nd3 Bxd3
67. Kxd3 Qd5+ 68. Kc2 Qxc6+ 69. Kd2 Qe4 70. Rc4 Qb1 71. Rd4 Ke7 72. Rc4 Qa1 73.
Rc7+ Kd6 74. Rc4 Qa5+ 75. Kd1 Ke7 76. Rc2 Qd5+ 77. Ke1 Qe4 78. Kd2 Qb4+ 79. Kd1 1/2-1/2

[Event "TCh-RUS Premier 2023"]
[Site "Sochi RUS"]
[Date "2023.05.03"]
[Round "3.1"]
[Board "4"]
[White "Drygalov, Andrey"]
[Black "Vlasenko, Miroslav"]
[Result "1/2-1/2"]
[WhiteTitle "GM"]
[BlackTitle "IM"]
[WhiteElo "2484"]
[BlackElo "2358"]
[WhiteTeam "Ladya (Respublika Tatarstan)"]
[BlackTeam "SShOR po shakhmatam i shashkam (Sankt-Peterbu"]
[WhiteFideId "24171735"]
[BlackFideId "4151887"]
[EventDate "2023.05.01"]
[EventType "team"]

1. d4 Nf6 2. c4 e6 3. Nc3 Bb4 4. e3 O-O 5. Bd3 d5 6. a3 Bxc3+ 7. bxc3 dxc4 8.
Bxc4 c5 9. Ne2 Nc6 10. Ba2 b6 11. O-O Ba6 12. Re1 Rc8 13. Ng3 Qd7 14. Bb2 Rfd8
15. Qf3 Na5 16. e4 1/2-1/2

[Event "TCh-RUS Premier 2023"]
[Site "Sochi RUS"]
[Date "2023.05.03"]
[Round "3.1"]
[Board "5"]
[White "Pershin, Denis"]
[Black "Samusenko, Maksim"]
[Result "1/2-1/2"]
[WhiteTitle "IM"]
[BlackTitle "IM"]
[WhiteElo "2366"]
[BlackElo "2464"]
[WhiteTeam "SShOR po shakhmatam i shashkam (Sankt-Peterbu"]
[BlackTeam "Ladya (Respublika Tatarstan)"]
[WhiteFideId "24165506"]
[BlackFideId "4112253"]
[EventDate "2023.05.01"]
[EventType "team"]

1. d4 Nf6 2. c4 d6 3. Nf3 g6 4. g3 Bg7 5. Bg2 O-O 6. O-O Nc6 7. Nc3 e5 8. d5 Nb8
9. c5 Na6 10. cxd6 cxd6 11. h3 Bd7 12. Be3 Ne8 13. Qb3 b6 14. a4 h6 15. Nd2 f5
16. Nc4 Kh7 17. Nb5 Qe7 18. a5 1/2-1/2

[Event "TCh-RUS Premier 2023"]
[Site "Sochi RUS"]
[Date "2023.05.03"]
[Round "3.1"]
[Board "6"]
[White "Gaifullin, Artur"]
[Black "Timerkhanov, Alexander"]
[Result "1/2-1/2"]
[WhiteTitle "FM"]
[BlackTitle "FM"]
[WhiteElo "2422"]
[BlackElo "2352"]
[WhiteTeam "Ladya (Respublika Tatarstan)"]
[BlackTeam "SShOR po shakhmatam i shashkam (Sankt-Peterbu"]
[WhiteFideId "24168653"]
[BlackFideId "24177938"]
[EventDate "2023.05.01"]
[EventType "team"]

1. d4 d5 2. c4 c6 3. Nf3 Nf6 4. Nc3 g6 5. Bf4 Bg7 6. e3 O-O 7. h3 c5 8. Ne5 cxd4
9. exd4 Nc6 10. Be2 dxc4 11. Nxc6 bxc6 12. Bxc4 Nd5 13. Bxd5 cxd5 14. O-O e6 15.
Na4 Qh4 16. Qd2 e5 17. Be3 h6 18. Rad1 e4 19. Bf4 g5 20. Bg3 Qh5 21. Qa5 Be6 22.
Nc5 Qg6 23. Qa6 h5 24. f3 exf3 25. Rxf3 g4 26. hxg4 Bxg4 27. Qxg6 fxg6 28. Rxf8+
Rxf8 29. Rd2 Bh6 30. Rd3 Bc1 31. Bd6 Re8 32. Be5 Bxb2 33. Na4 Bc1 34. Rc3 Bg5
35. Ra3 Be7 36. Rc3 Rc8 37. Nc5 g5 38. Kh2 Kf7 39. Ra3 Bxc5 40. dxc5 Rxc5 41.
Rxa7+ Ke6 42. Bd4 Rc2 43. Rg7 Rxa2 44. Rxg5 Ra4 45. Bh8 d4 46. Re5+ Kd6 47. Re4
Kd5 48. Re5+ Kc4 49. Re4 Kd3 50. Rf4 Ke3 51. Kg3 Bd1 52. Bg7 d3 53. Rxa4 Bxa4
54. Bh6+ Ke2 55. Kh4 1/2-1/2

[Event "TCh-RUS Premier 2023"]
[Site "Sochi RUS"]
[Date "2023.05.03"]
[Round "3.2"]
[Board "1"]
[White "Chekhov, Sergei"]
[Black "Grischuk, Alexander"]
[Result "1/2-1/2"]
[WhiteTitle "IM"]
[BlackTitle "GM"]
[WhiteElo "2453"]
[BlackElo "2745"]
[WhiteTeam "Inleksis (Voronezhskaya oblast)"]
[BlackTeam "SK KPRF (Moskva)"]
[WhiteFideId "4195639"]
[BlackFideId "4126025"]
[EventDate "2023.05.01"]
[EventType "team"]

1. e4 e6 2. d4 d5 3. exd5 exd5 4. Nf3 Bd6 5. c4 Nf6 6. Nc3 O-O 7. c5 Be7 8. Bd3
b6 9. cxb6 axb6 10. Ne5 Ba6 11. O-O c6 12. Re1 Bxd3 13. Qxd3 Nfd7 14. Nf3 Re8
15. Bg5 Bxg5 16. Rxe8+ Qxe8 17. Nxg5 Nf8 18. Nf3 Nbd7 19. a3 Ne6 20. Re1 Qe7 21.
g3 g6 22. h4 Qf6 23. Na2 Nc7 24. Nc3 Kg7 25. Kg2 h6 26. Nd1 Re8 27. Rxe8 Nxe8
28. Ne3 Nd6 29. a4 Qe6 1/2-1/2

[Event "TCh-RUS Premier 2023"]
[Site "Sochi RUS"]
[Date "2023.05.03"]
[Round "3.2"]
[Board "2"]
[White "Malakhov, Vladimir"]
[Black "Rodin, Dmitrij"]
[Result "1-0"]
[WhiteTitle "GM"]
[BlackTitle "IM"]
[WhiteElo "2650"]
[BlackElo "2325"]
[WhiteTeam "SK KPRF (Moskva)"]
[BlackTeam "Inleksis (Voronezhskaya oblast)"]
[WhiteFideId "4120787"]
[BlackFideId "4127412"]
[EventDate "2023.05.01"]
[EventType "team"]

1. Nf3 Nf6 2. c4 e6 3. Nc3 Bb4 4. Qc2 O-O 5. a3 Bxc3 6. Qxc3 b6 7. b3 Bb7 8. Bb2
c5 9. e3 d6 10. Be2 Nbd7 11. O-O Qe7 12. d4 Rac8 13. Rad1 Rfd8 14. b4 d5 15.
dxc5 bxc5 16. b5 Nb6 17. Ne5 Na4 18. Qb3 Nxb2 19. Qxb2 Qc7 20. a4 Nd7 21. Nxd7
Rxd7 22. cxd5 exd5 23. Bg4 Rd6 24. Bxc8 Qxc8 25. Qc3 Rg6 26. f3 h5 27. Rc1 c4
28. Qd4 a6 29. Rf2 axb5 30. axb5 Qe8 31. Rb2 Qe6 32. Ra1 Qf5 33. Rf2 Qd7 34. Ra7
Qc7 35. Qxd5 Rb6 36. Rd2 Bxd5 37. Rxc7 Rxb5 38. Kf2 g6 39. e4 Be6 40. Ke3 Kg7
41. h4 Ra5 42. Kf4 Rb5 43. Rd6 Kf8 44. Ra6 Kg8 45. g4 Kf8 46. Ra8+ Kg7 47. g5
Rb6 48. Re7 Rc6 49. Ree8 f6 50. Re7+ 1-0

[Event "TCh-RUS Premier 2023"]
[Site "Sochi RUS"]
[Date "2023.05.03"]
[Round "3.2"]
[Board "3"]
[White "Klimentov, Evgeny"]
[Black "Zvjaginsev, Vadim"]
[Result "1/2-1/2"]
[WhiteTitle "FM"]
[BlackTitle "GM"]
[WhiteElo "2305"]
[BlackElo "2598"]
[WhiteTeam "Inleksis (Voronezhskaya oblast)"]
[BlackTeam "SK KPRF (Moskva)"]
[WhiteFideId "24128899"]
[BlackFideId "4113403"]
[EventDate "2023.05.01"]
[EventType "team"]

1. e4 c5 2. Nf3 Nc6 3. Bb5 Nf6 4. Bxc6 dxc6 5. d3 Bg4 6. h3 Bh5 7. g4 Bg6 8. b3
Nd7 9. Bb2 Qc7 10. e5 e6 11. Qe2 Be7 12. Nbd2 h5 13. Rg1 hxg4 14. hxg4 O-O-O 15.
O-O-O a5 16. Ne4 a4 17. c4 a3 18. Ba1 Kb8 19. Neg5 Ka8 20. Rh1 Rxh1 21. Rxh1 Nb8
22. Ne4 Na6 23. Rd1 b5 24. Bc3 Nb4 25. Bxb4 cxb4 26. Qe3 c5 27. Rd2 Qc6 28. Ng3
Kb8 29. Kd1 bxc4 30. dxc4 Rxd2+ 31. Nxd2 Qg2 32. Qf3 Qxf3+ 33. Nxf3 Kc7 34. g5
Kd7 35. Kd2 Ke8 36. Kc1 Kf8 37. Kd2 Kg8 38. Ne2 Kh7 39. Ke3 Bc2 40. Nc1 Bf5 41.
Nd3 Bxd3 42. Kxd3 Kg6 43. Ke4 Bxg5 44. Ne1 Be7 45. f4 Kh5 46. Kf3 g5 47. fxg5
Kxg5 48. Ke4 Kg4 49. Nd3 Kg3 50. Ke3 Bf8 51. Ke4 Kg4 1/2-1/2

[Event "TCh-RUS Premier 2023"]
[Site "Sochi RUS"]
[Date "2023.05.03"]
[Round "3.2"]
[Board "4"]
[White "Dreev, Aleksey"]
[Black "Popov, Maksim"]
[Result "1-0"]
[WhiteTitle "GM"]
[BlackTitle "FM"]
[WhiteElo "2606"]
[BlackElo "2338"]
[WhiteTeam "SK KPRF (Moskva)"]
[BlackTeam "Inleksis (Voronezhskaya oblast)"]
[WhiteFideId "4100107"]
[BlackFideId "54123968"]
[EventDate "2023.05.01"]
[EventType "team"]

1. d4 Nf6 2. c4 e6 3. Nc3 Bb4 4. Qc2 d5 5. a3 Bxc3+ 6. Qxc3 O-O 7. e3 b6 8. cxd5
exd5 9. Bd3 Ba6 10. Bxa6 Nxa6 11. Qc6 Qe8 12. Qxe8 Rfxe8 13. Ne2 c5 14. f3 Nc7
15. Bd2 Ne6 16. Bc3 cxd4 17. Nxd4 Nxd4 18. Bxd4 Nd7 19. O-O-O Rac8+ 20. Kb1 Nf8
21. Rhe1 Rcd8 22. Bc3 Ne6 23. Rd2 Rd7 24. Red1 Red8 25. b4 f6 26. Kc2 Kf7 27.
Kb3 Nc7 28. Rd3 Ke6 29. Be1 Kf7 30. Bg3 Ne6 31. e4 d4 32. Rc1 g6 33. Rc6 Rb7 34.
Kc4 b5+ 35. Kb3 Ke7 36. f4 Kd7 37. Ra6 f5 38. exf5 gxf5 39. Bf2 Rc8 40. Bxd4
Nxf4 41. Rd2 Ke8 42. Rxa7 Rcc7 43. Rxb7 Rxb7 44. Rf2 Ne6 45. Be5 Rf7 46. g3 Ng5
47. a4 Ne4 48. Rc2 bxa4+ 49. Kxa4 Ra7+ 50. Kb5 Kd7 51. Kb6 Ra4 52. b5 Rb4 53.
Ka5 Rb3 54. b6 Ke6 55. Rb2 Rxb6 56. Kxb6 Kxe5 57. Kc6 h5 58. Rb5+ Ke6 59. Rb8
Nf6 60. Rh8 Ke5 61. Rh6 Ke6 62. Rh8 Ke5 63. Kc5 f4 64. gxf4+ Kxf4 65. Kd4 Kg5
66. Rf8 Nh7 67. Rf7 Kg6 68. Rf2 Kg5 69. Ke5 Kg4 70. Rf4+ Kh3 71. Kf5 Nf8 72. Rd4
h4 73. Rd2 Nh7 74. Kg6 Nf8+ 75. Kf6 Nh7+ 76. Kf5 Nf8 77. Kf6 Nh7+ 78. Kg6 Nf8+
79. Kf5 Nh7 80. Rd7 Nf8 81. Rf7 Kxh2 82. Rxf8 Kg3 83. Rg8+ Kf3 84. Ra8 h3 85.
Ra3+ Kg2 86. Kg4 h2 87. Ra2+ Kg1 88. Kg3 h1=N+ 89. Kf3 1-0

[Event "TCh-RUS Premier 2023"]
[Site "Sochi RUS"]
[Date "2023.05.03"]
[Round "3.2"]
[Board "5"]
[White "Kuzminykh, Nikita"]
[Black "Alekseev, Evgeny"]
[Result "0-1"]
[BlackTitle "GM"]
[WhiteElo "2063"]
[BlackElo "2564"]
[WhiteTeam "Inleksis (Voronezhskaya oblast)"]
[BlackTeam "SK KPRF (Moskva)"]
[WhiteFideId "54150540"]
[BlackFideId "4138147"]
[EventDate "2023.05.01"]
[EventType "team"]

1. e4 e6 2. d4 d5 3. e5 c5 4. c3 Bd7 5. Nf3 Nc6 6. Be2 f6 7. exf6 Nxf6 8. O-O
Bd6 9. a3 O-O 10. dxc5 Bxc5 11. b4 Bb6 12. c4 dxc4 13. Bxc4 Ng4 14. Bb2 Rxf3 15.
Qxf3 Qh4 16. Qg3 Qxg3 17. hxg3 Nxf2 18. Kh2 Ng4+ 19. Kh1 Ne3 20. Nd2 Nxf1 21.
Rxf1 Rf8 22. Rd1 Ne7 23. Nf3 Nd5 24. Bxd5 exd5 25. Rxd5 Bc6 26. Rd3 h6 27. Kh2
a6 28. Bd4 Rd8 29. Bxb6 Rxd3 30. Ne5 Rxa3 0-1

[Event "TCh-RUS Premier 2023"]
[Site "Sochi RUS"]
[Date "2023.05.03"]
[Round "3.2"]
[Board "6"]
[White "Afanasiev, Nikita"]
[Black "Rudakov, Sergey S."]
[Result "1/2-1/2"]
[WhiteTitle "GM"]
[WhiteElo "2530"]
[BlackElo "1992"]
[WhiteTeam "SK KPRF (Moskva)"]
[BlackTeam "Inleksis (Voronezhskaya oblast)"]
[WhiteFideId "24183555"]
[BlackFideId "44111533"]
[EventDate "2023.05.01"]
[EventType "team"]

1. e4 c5 2. Nf3 Nc6 3. d4 cxd4 4. Nxd4 e5 5. Nb5 a6 6. Nd6+ Bxd6 7. Qxd6 Qe7 8.
Qd1 d6 9. Nc3 Nf6 10. Be3 Be6 11. Be2 O-O 12. O-O Rac8 13. Re1 Na5 14. Bg5 Rfd8
15. Rc1 h6 16. Nd5 Bxd5 17. Bxf6 Qxf6 18. Qxd5 Nc6 19. c3 Qe6 20. Rcd1 Qxd5 21.
Rxd5 Kf8 22. Red1 Ke7 23. a4 Nb8 24. Kf1 Rc6 25. R5d2 Nd7 26. Bd3 Nb6 27. Ra1 d5
28. exd5 Rxd5 29. Rdd1 Nc4 30. Rab1 Nd6 31. Ke2 f5 32. Bc2 Rxd1 33. Rxd1 Rc5 34.
Ra1 Rc6 35. f3 Rb6 36. b3 Rc6 37. Kd2 Kf6 38. Re1 Rc7 39. Re3 b5 40. axb5 axb5
41. Re1 Ra7 42. Kc1 Ke6 43. Kb2 Kd5 44. Rd1+ Ke6 45. Bd3 e4 46. Be2 g5 47. fxe4
fxe4 48. c4 bxc4 49. bxc4 Ra5 50. Kc3 Ra3+ 51. Kb4 Ra2 52. Bg4+ Ke7 53. c5 Nf7
54. Kb3 Ra5 55. Rd5 e3 56. Kb4 Ra7 57. Rd3 Rb7+ 58. Ka5 Ne5 59. Rxe3 Kf6 60. Be2
Rb2 61. Bf1 Rc2 62. Kb5 Rb2+ 63. Ka4 Rc2 64. Kb4 Nc6+ 65. Kb5 Nd4+ 66. Kb6 Rb2+
67. Kc7 Rc2 68. Kb6 Rb2+ 69. Kc7 Rc2 70. Rh3 Rxc5+ 71. Kd6 Rc1 72. Bd3 Kg7 73.
Re3 Rd1 74. Ke5 Nc6+ 75. Ke4 Rd2 76. Rg3 Rf2 77. Ke3 Rf4 78. Be4 Ne5 79. h3 Nc4+
80. Kd3 Ne5+ 81. Kd4 Nc6+ 82. Ke3 Ne5 83. Bd5 Kf6 84. Ke2 Rd4 85. Bb3 h5 86. Rc3
Re4+ 87. Kd2 Rf4 88. Ke3 Rb4 89. Bd5 Rb1 90. Ra3 Rb6 91. Ra1 Ng6 92. g3 h4 93.
gxh4 Nxh4 94. Ra5 Nf5+ 95. Kf3 Rb4 96. Ba2 1/2-1/2

[Event "TCh-RUS Premier 2023"]
[Site "Sochi RUS"]
[Date "2023.05.03"]
[Round "3.3"]
[Board "1"]
[White "Paravyan, David"]
[Black "Najer, Evgeniy"]
[Result "1-0"]
[WhiteTitle "GM"]
[BlackTitle "GM"]
[WhiteElo "2601"]
[BlackElo "2655"]
[WhiteTeam "Russkaya shakhmatnaya shkola (Moskva)"]
[BlackTeam "Shakhmatnaya sbornaya Moskvy (Moskva)"]
[WhiteFideId "4194985"]
[BlackFideId "4118987"]
[EventDate "2023.05.01"]
[EventType "team"]

1. e4 c6 2. d4 d5 3. e5 Bf5 4. Nf3 e6 5. Be2 Ne7 6. c3 h6 7. a4 Nd7 8. O-O Bh7
9. a5 Ng6 10. a6 b5 11. Bd3 Be7 12. Be3 O-O 13. Nbd2 f6 14. Qc2 Qe8 15. exf6
Nxf6 16. Ne5 Nxe5 17. Bxh7+ Nxh7 18. dxe5 c5 19. f4 Rc8 20. Qd3 Qc6 21. Nf3 Rf7
22. h4 Bd8 23. b4 Bb6 24. bxc5 Bxc5 25. Bxc5 Qxc5+ 26. Nd4 Nf8 27. h5 b4 28.
cxb4 Qxb4 29. Rab1 Qa5 30. f5 exf5 31. e6 Rfc7 32. Rbe1 Re7 33. Nxf5 Qc5+ 34.
Kh2 Rxe6 35. Rc1 Qxc1 36. Rxc1 Rxc1 37. Qg3 g6 38. Nxh6+ Kh7 39. Qf4 Rc8 40. Ng4
Kg8 41. Nf6+ Rxf6 42. Qxf6 Rc7 43. hxg6 Rg7 44. Qd4 Nxg6 45. Qxd5+ Kh7 46. g3
Re7 47. Kh3 Kg7 48. Kg4 Rf7 49. Kg5 Nf8 50. Qd4+ Kg8 51. Qc4 Kg7 52. Qc3+ Kg8
53. Qb3 Kg7 54. g4 Nh7+ 55. Kh5 Nf6+ 56. Kh4 Nh7 57. g5 Nf8 58. Kh5 Re7 59. Qc3+
Kg8 60. Qc4+ Kg7 61. Qd5 Rf7 62. Qe5+ Kg8 63. g6 Rg7 64. Qd4 Rd7 65. Qc4+ Kg7
66. Qc3+ Kg8 67. Kh6 Re7 68. Qf6 Rd7 69. g7 1-0

[Event "TCh-RUS Premier 2023"]
[Site "Sochi RUS"]
[Date "2023.05.03"]
[Round "3.3"]
[Board "2"]
[White "Inarkiev, Ernesto"]
[Black "Kukhmazov, Arsen"]
[Result "1-0"]
[WhiteTitle "GM"]
[BlackTitle "IM"]
[WhiteElo "2661"]
[BlackElo "2506"]
[WhiteTeam "Shakhmatnaya sbornaya Moskvy (Moskva)"]
[BlackTeam "Russkaya shakhmatnaya shkola (Moskva)"]
[WhiteFideId "4162722"]
[BlackFideId "24108260"]
[EventDate "2023.05.01"]
[EventType "team"]

1. e4 c6 2. d4 d5 3. e5 Bf5 4. Nf3 e6 5. Be2 c5 6. Be3 cxd4 7. Nxd4 Ne7 8. Nd2
Nbc6 9. N2f3 Bg4 10. O-O Ng6 11. c4 Bxf3 12. Nxf3 dxc4 13. Bxc4 Be7 14. Qxd8+
Bxd8 15. Bb5 Bb6 16. Bxc6+ bxc6 17. Rac1 Ne7 18. Rfd1 O-O 19. Rd7 Rfe8 20. Kf1
Rad8 21. Rd6 Bxe3 22. fxe3 Nf5 23. Rxd8 Rxd8 24. Ke2 Ne7 25. e4 f5 26. Rc4 fxe4
27. Rxe4 Rd5 28. Rb4 Ra5 29. Kd3 h6 30. a3 g5 31. Ke4 Kf7 32. Rb7 Ra4+ 33. Kd3
c5 34. Rc7 g4 35. Nd2 Rd4+ 36. Ke2 a6 37. Rxc5 Nd5 38. g3 Nb6 39. Rc6 Nd7 40.
Nc4 Ke7 41. Ke3 Rd1 42. b4 Rc1 43. Kd2 Rh1 44. Rxa6 Rxh2+ 45. Ke3 Rc2 46. Kd4 h5
47. Ra7 Kd8 48. a4 Rg2 49. Nd6 Nb6 50. a5 Nd5 51. b5 Rxg3 52. b6 Rb3 53. Ra8+
Kd7 54. b7 Ne7 55. Kc4 Rxb7 56. Nxb7 g3 57. Nc5+ Kc7 58. Ra7+ 1-0

[Event "TCh-RUS Premier 2023"]
[Site "Sochi RUS"]
[Date "2023.05.03"]
[Round "3.3"]
[Board "3"]
[White "Shuvalova, Polina"]
[Black "Grachev, Boris"]
[Result "1/2-1/2"]
[WhiteTitle "IM"]
[BlackTitle "GM"]
[WhiteElo "2475"]
[BlackElo "2595"]
[WhiteTeam "Russkaya shakhmatnaya shkola (Moskva)"]
[BlackTeam "Shakhmatnaya sbornaya Moskvy (Moskva)"]
[WhiteFideId "24171760"]
[BlackFideId "4129199"]
[EventDate "2023.05.01"]
[EventType "team"]

1. d4 d5 2. c4 e6 3. Nc3 Nf6 4. cxd5 exd5 5. Bg5 c6 6. e3 Bd6 7. Bd3 O-O 8. Nge2
Re8 9. h3 Nbd7 10. Qc2 Nf8 11. O-O h6 12. Bh4 Ne6 13. f3 Be7 14. Rad1 b5 15. Bf2
Nh5 16. g4 Nf6 17. Ng3 Bd7 18. Qd2 b4 19. Nce2 c5 20. dxc5 Bxc5 21. Nf5 Bf8 22.
Kg2 g6 23. Nfd4 Nxd4 24. exd4 Qb6 25. Rfe1 Bb5 26. Nf4 Rxe1 27. Rxe1 Re8 28. Re5
Bxd3 29. Qxd3 Qc6 30. Qb3 Rd8 31. Re2 Rc8 32. Nd3 1/2-1/2

[Event "TCh-RUS Premier 2023"]
[Site "Sochi RUS"]
[Date "2023.05.03"]
[Round "3.3"]
[Board "4"]
[White "Ponkratov, Pavel"]
[Black "Grebnev, Aleksey"]
[Result "0-1"]
[WhiteTitle "GM"]
[BlackTitle "IM"]
[WhiteElo "2580"]
[BlackElo "2483"]
[WhiteTeam "Shakhmatnaya sbornaya Moskvy (Moskva)"]
[BlackTeam "Russkaya shakhmatnaya shkola (Moskva)"]
[WhiteFideId "4157800"]
[BlackFideId "34189030"]
[EventDate "2023.05.01"]
[EventType "team"]

1. e4 c5 2. Nf3 d6 3. d4 cxd4 4. Nxd4 Nf6 5. Nc3 a6 6. h3 e5 7. Nde2 h5 8. g3
Be7 9. Bg2 b5 10. Nd5 Nxd5 11. Qxd5 Ra7 12. Be3 Rb7 13. O-O-O Nd7 14. Kb1 Nb6
15. Qd3 Be6 16. f4 O-O 17. Nc3 Bc4 18. Qd2 b4 19. Nd5 Bxd5 20. exd5 Nc4 21. Qe2
Nxe3 22. Qxe3 exf4 23. Qxf4 Bf6 24. Qf3 g6 25. h4 Re8 26. g4 Re5 27. Bf1 a5 28.
Rg1 Bg7 29. Bd3 Qxh4 30. gxh5 Rxh5 31. Rg4 Qf6 32. Qxf6 Bxf6 33. Rc4 Kg7 34. Rg1
a4 35. Rc6 Rxd5 36. Ra6 b3 37. Be4 bxc2+ 38. Kc1 Bxb2+ 39. Kxc2 Rc5+ 40. Kd3 Rb4 0-1

[Event "TCh-RUS Premier 2023"]
[Site "Sochi RUS"]
[Date "2023.05.03"]
[Round "3.3"]
[Board "5"]
[White "Vetokhin, Savva"]
[Black "Demidov, Mikhail"]
[Result "1/2-1/2"]
[WhiteTitle "IM"]
[BlackTitle "GM"]
[WhiteElo "2420"]
[BlackElo "2583"]
[WhiteTeam "Russkaya shakhmatnaya shkola (Moskva)"]
[BlackTeam "Shakhmatnaya sbornaya Moskvy (Moskva)"]
[WhiteFideId "44144474"]
[BlackFideId "4197143"]
[EventDate "2023.05.01"]
[EventType "team"]

1. d4 Nf6 2. c4 e6 3. Nc3 Bb4 4. e3 b6 5. Ne2 Ba6 6. a3 Bxc3+ 7. Nxc3 d5 8. b3
O-O 9. Be2 Nc6 10. a4 dxc4 11. bxc4 Na5 12. Ba3 Re8 13. Nb5 Nb7 14. O-O Qd7 15.
Qc2 c6 16. Rfd1 cxb5 17. axb5 Bxb5 18. cxb5 Rec8 19. Qb2 Nd5 20. Rac1 Nd6 21.
Bd3 f5 22. Bxd6 Qxd6 23. g3 Kf8 24. e4 fxe4 25. Bxe4 h6 26. Qb3 Rxc1 27. Rxc1
Rd8 28. Rc6 Qe7 29. Bxd5 Rxd5 30. Qf3+ Kg8 31. Qe4 Kf7 32. Rc8 Rd8 33. Qf4+ Kg8
34. Rc7 Rd7 35. Rc6 Rd5 36. Rc8+ 1/2-1/2

[Event "TCh-RUS Premier 2023"]
[Site "Sochi RUS"]
[Date "2023.05.03"]
[Round "3.3"]
[Board "6"]
[White "Makarian, Rudik"]
[Black "Nesterov, Arseniy"]
[Result "1/2-1/2"]
[WhiteTitle "IM"]
[BlackTitle "GM"]
[WhiteElo "2547"]
[BlackElo "2562"]
[WhiteTeam "Shakhmatnaya sbornaya Moskvy (Moskva)"]
[BlackTeam "Russkaya shakhmatnaya shkola (Moskva)"]
[WhiteFideId "44105681"]
[BlackFideId "24198455"]
[EventDate "2023.05.01"]
[EventType "team"]

1. Nf3 d5 2. g3 g6 3. c4 dxc4 4. Na3 Be6 5. Ng5 Bd5 6. e4 Bc6 7. Bxc4 e6 8. d3
Bb4+ 9. Bd2 Bxd2+ 10. Qxd2 Nd7 11. O-O Ne5 12. f4 Qd4+ 13. Qf2 Qxf2+ 14. Kxf2
Nxc4 15. Nxc4 h6 16. Nf3 Ne7 17. Rfc1 O-O-O 18. Ke3 f6 19. h4 Rhe8 20. a4 Kb8
21. b4 a6 22. Ra3 Nd5+ 23. exd5 exd5+ 24. Nce5 fxe5 25. Nxe5 d4+ 26. Kf2 Rd6 27.
g4 Bd5 28. Re1 Kc8 29. Raa1 Rf8 30. Kg3 Rdf6 31. Rf1 Re6 32. Rf2 g5 33. Re1 Rfe8
34. Rfe2 gxf4+ 35. Kxf4 Rf6+ 36. Kg3 Rfe6 37. Kf4 Rf6+ 38. Kg3 Rfe6 39. g5 hxg5
40. hxg5 Bc6 41. Kf4 Rf8+ 42. Kg4 Bxa4 43. Re4 Rd6 44. Rf4 Re8 45. Rf6 Bb3 46.
Kf5 Be6+ 47. Kf4 Bd5 48. Kf5 Be6+ 49. Kf4 Bd5 50. Rc1 Rxf6+ 51. gxf6 b6 52. Kf5
Be6+ 53. Ke4 Rf8 54. Rf1 a5 55. bxa5 bxa5 56. Ng6 Rf7 57. Ne5 Rf8 58. Ng6 Rf7
59. Ke5 Bb3 60. Kxd4 a4 61. Kc3 c6 62. Ne5 Rf8 63. Ng6 Rf7 64. Ne5 Rf8 65. Kb4
Kc7 66. Ng6 Rf7 67. Ne5 Rf8 68. Nc4 Kd7 69. Nb6+ Ke6 70. Nxa4 Bxa4 71. Kxa4 Rxf6
72. Rxf6+ Kxf6 73. Kb4 Ke6 74. Kc5 Kd7 75. d4 Kc7 76. d5 cxd5 77. Kxd5 1/2-1/2

[Event "TCh-RUS Premier 2023"]
[Site "Sochi RUS"]
[Date "2023.05.03"]
[Round "3.4"]
[Board "1"]
[White "Zakhartsov, Vladimir"]
[Black "Sjugirov, Sanan"]
[Result "1/2-1/2"]
[WhiteTitle "GM"]
[BlackTitle "GM"]
[WhiteElo "2547"]
[BlackElo "2712"]
[WhiteTeam "Shkola im. M.M. Botvinnika  (Moskva)"]
[BlackTeam "Moskovskaya oblast (Moskovskaya oblast)"]
[WhiteFideId "4145097"]
[BlackFideId "4189302"]
[EventDate "2023.05.01"]
[EventType "team"]

1. d4 Nf6 2. c4 e6 3. Nf3 d5 4. g3 Bb4+ 5. Bd2 Be7 6. Bg2 c6 7. Qc2 Nbd7 8. O-O
O-O 9. b4 Ne4 10. Be1 f5 11. a4 a6 12. a5 Bd6 1/2-1/2

[Event "TCh-RUS Premier 2023"]
[Site "Sochi RUS"]
[Date "2023.05.03"]
[Round "3.4"]
[Board "2"]
[White "Khismatullin, Denis"]
[Black "Rychagov, Andrey"]
[Result "1/2-1/2"]
[WhiteTitle "GM"]
[BlackTitle "GM"]
[WhiteElo "2594"]
[BlackElo "2547"]
[WhiteTeam "Moskovskaya oblast (Moskovskaya oblast)"]
[BlackTeam "Shkola im. M.M. Botvinnika  (Moskva)"]
[WhiteFideId "4142578"]
[BlackFideId "4119932"]
[EventDate "2023.05.01"]
[EventType "team"]

1. d4 d5 2. c4 e6 3. Nc3 Nf6 4. cxd5 exd5 5. Bg5 Be7 6. e3 O-O 7. Bd3 c6 8. Qc2
h6 9. Bh4 Re8 10. Nge2 Nbd7 11. O-O Ne4 12. Bxe7 Qxe7 13. Bxe4 dxe4 14. Rfd1 Nf6
15. h3 Bd7 16. Rd2 Rac8 17. Ng3 h5 18. Qa4 h4 19. Nge2 a6 20. Qa5 c5 21. Qb6 Bf5
22. dxc5 Rxc5 23. Rad1 Qc7 24. Qa7 Bc8 25. Nf4 b5 26. Qxc7 Rxc7 27. Rd6 Bb7 28.
a3 Kf8 29. R1d4 Rec8 30. a4 bxa4 31. Rxa4 Rc4 32. Rb6 Rxa4 33. Nxa4 Rc7 34. Nc3
Nd7 35. Rb4 g5 36. Nfe2 Nc5 37. Nd4 Nd3 38. Rb6 Ne5 39. Nf5 Nc4 40. Rb4 f6 41.
g4 hxg3 42. Nxg3 Nd6 43. Rd4 1/2-1/2